[Event "IMSA Blitz Women 2019"]
[Site "Hengshui"]
[Date "2019.05.18"]
[Round "10.1"]
[White "Koneru, Humpy"]
[Black "Ushenina, Anna"]
[Result "1-0"]
[WhiteElo "2553"]
[BlackElo "2442"]
[Annotator "TA"]
[PlyCount "127"]
[EventDate "2019.05.17"]
[EventType "blitz"]
[EventCountry "CHN"]
[SourceTitle "playchess.com"]
[Source "ChessBase"]
[SourceQuality "1"]

{[%evp 9,127,21,26,11,18,12,11,7,10,10,8,6,0,0,12,0,63,33,47,41,40,35,52,39,46,33,58,55,62,0,52,0,66,54,77,63,65,59,114,114,87,0,0,-15,81,98,93,82,154,155,174,136,347,341,453,438,445,139,439,444,441,407,445,445,437,399,549,545,622,534,534,445,534,447,591,583,642,641,628,625,625,635,632,612,624,618,617,614,600,589,744,736,735,595,587,575,552,0,553,535,589,528,843,831,827,828,812,806,766,781,626,433,5718,772,717,660,5691,5367,5165,804]} 1. d4 d5 2. c4 e6 3. Nc3 a6 4. cxd5 exd5 5. Nf3 c6 (5... h6 6. Bf4 Nf6 7. e3 Bd6 8. Bxd6 Qxd6 9. Qc2 O-O 10. Bd3 Re8 11. h3 Be6 12. O-O Nbd7 13. a4 {½-½ (40) Shankland,S (2725)-Carlsen,M (2835) Wijk aan Zee 2019}) 6. Qc2 {D31: Queen's Gambit Declined: Semi-Slav without ...Nf6 (+ Marshall Gambit and Noteboom) and Exchange Variation lines without ...Nf6} Bd6 7. Bg5 Ne7 8. e3 {The position is equal.} f6 9. Bh4 Bf5 10. Bd3 Bxd3 11. Qxd3 O-O 12. Bg3 b5 (12... Nc8 $11) 13. Rc1 $146 ({Predecessor:} 13. O-O Bxg3 14. hxg3 {1-0 (62) Crespo Hidalgo,C (2113)-Suasnabar,J (2039) Arequipa 2013}) 13... a5 14. O-O Bxg3 15. hxg3 Nd7 16. Ne2 Nb6 17. Nf4 {Threatens to win with Ne6.} Qd6 18. g4 a4 19. g3 ({White should play} 19. Qe2 $14) 19... Nc4 (19... g5 $11) 20. Rc2 (20. Qe2 $14) 20... b4 ({Better is} 20... g5 $11 21. Nh5 Qe6) 21. g5 b3 22. axb3 axb3 23. Qxb3 fxg5 (23... Rab8 $14 24. Qd3 Nxb2) 24. Nxg5 $16 h6 25. Ngh3 (25. Ne4 $1 $16 {[%cal Re4d6]} Na5 26. Qa2 (26. Nxd6 Nxb3 27. Nd3 Ra7 $16)) 25... Rfb8 26. Qc3 Qb4 (26... g5 $11 {keeps the balance.}) 27. Nd3 Qxc3 28. Rxc3 Nxb2 (28... g5 $142) 29. Ne5 Ra6 30. Rb1 g5 $2 (30... Rb5 $16) 31. Rc2 $1 $18 Rab6 32. Nd7 $1 {[%csl LRb6,LRb8][%mdl 64] Double Attack} Nc4 33. Nxb6 $2 (33. Rxb6 $18 {is the precise move to win.} Rxb6 34. Nxb6 Nxb6 35. Kg2) 33... Rxb6 $2 {[%mdl 8192]} (33... Na3 $16) 34. Rxb6 Nxb6 {[%mdl 4096] Endgame KRN-KNN} 35. g4 Nc4 36. Kg2 Kf7 37. Ng1 Ng6 38. Nf3 Ke6 39. Ra2 Ne7 40. Nd2 Nd6 41. Ra6 Ng8 42. Rxc6 Nf6 43. f3 Kd7 44. Ra6 h5 45. gxh5 Nxh5 46. Ra5 Ke6 47. Kf2 Nf6 48. Ra6 Ke7 49. Nb3 g4 50. Nc5 gxf3 51. Kxf3 Nc4 52. Ra7+ Kd6 53. Ra6+ Ke7 54. Nd3 {White is clearly winning.} Ne4 55. Nf4 Nf6 56. Re6+ Kf7 57. Rc6 Nd2+ 58. Ke2 Nde4 59. Ra6 Ng3+ 60. Kd3 Nge4 (60... Nf5 $142 61. Ra7+ Ke8) 61. Ra5 (61. Ra7+ $142 Kf8 {[#]} 62. Nxd5 $1 {[%mdl 512]} Nf2+ 63. Ke2 $1 {[%mdl 512]} Nxd5 64. Kxf2) 61... Nf2+ 62. Ke2 N2g4 63. Nxd5 Ne4 64. Ra6 {Accuracy: White = 53%, Black = 38%.} 1-0

[Event "IMSA Blitz Women 2019"]
[Site "Hengshui"]
[Date "2019.05.18"]
[Round "10.1"]
[White "Dzagnidze, Nana"]
[Black "Khotenashvili, Bela"]
[Result "1-0"]
[WhiteElo "2510"]
[BlackElo "2476"]
[Annotator "TA"]
[PlyCount "137"]
[EventDate "2019.05.17"]
[EventType "blitz"]
[EventCountry "CHN"]
[SourceTitle "playchess.com"]
[Source "ChessBase"]
[SourceQuality "1"]

{[%evp 12,137,0,0,0,0,4,0,2,-41,0,-7,-4,-16,-12,0,27,16,36,9,81,86,88,88,113,110,120,111,120,121,116,116,145,133,148,121,129,127,129,118,206,158,186,125,180,187,466,-49,102,85,146,45,145,70,97,34,31,26,53,15,52,52,53,0,0,0,224,214,206,107,226,197,231,215,349,349,349,349,349,341,341,341,341,322,331,315,301,301,352,352,941,893,1050,1014,988,671,871,23,26,26,3999,3995,3981,3978,3922,3437,3324,3327,1337,0,29967,29968,29965,29952,29958,29957,29957,29954,29964,29949,9887,2851,1803,643,2564,1081,29974,29975]} 1. Nf3 g6 2. c4 c5 3. Nc3 Bg7 4. e3 Nf6 5. d4 cxd4 6. exd4 O-O 7. Bg5 h6 {E61: King's Indian: Early deviations for White, including Smyslov System} 8. Be3 (8. Bxf6 Bxf6 9. Qd2 Bg7 10. Be2 d6 11. Rd1 g5 12. O-O Nd7 13. d5 Ne5 14. Nxe5 Bxe5 15. Kh1 {1-0 (38) Yu,Y (2759)-Wei,Y (2734) Ningbo 2018}) 8... d5 9. Be2 Nc6 {The position is equal.} 10. Ne5 $146 ({Predecessor:} 10. O-O Be6 11. c5 Ne4 12. Qc1 g5 13. Rd1 f5 14. g3 Qe8 15. h4 f4 16. hxg5 fxe3 17. Qxe3 Qg6 18. Bd3 Rxf3 19. Qxf3 Nxg5 20. Qg2 Qf6 21. Ne2 Bh3 {0-1 (21) Gentili,G (2074)-Franciosi,F (2139) Bratto 2015}) 10... Be6 11. Nxc6 bxc6 12. c5 Bf5 13. O-O Ne4 14. Nxe4 Bxe4 15. b4 a5 (15... e5 $11) 16. b5 $16 cxb5 17. Bxb5 Kh7 18. a4 e5 19. Rc1 Qc7 20. dxe5 Bxe5 21. g3 Qd8 22. f3 Bf5 23. Bd4 Bxd4+ 24. Qxd4 Be6 25. Rfe1 Qg5 (25... Rc8 $16 {is a better defense.} 26. c6 Qd6) 26. Kg2 Rac8 27. Rc2 (27. h4 $18 Qe7 28. c6) 27... Qf5 (27... Rfd8 $16 28. c6 Qe7) 28. Rce2 $18 Rfd8 $2 (28... Qh3+ 29. Kg1 Qf5) 29. Re5 $2 ({White has to play} 29. Bd3 $18 Qg5 30. h4) 29... Qf6 $2 (29... Qc2+ $15 {stays ahead.} 30. R5e2 Qxc5) 30. c6 Rc7 (30... Rd6 $142) 31. f4 (31. Qb6 $16 Rcc8 32. Qb7 (32. Qxa5 d4 $16)) 31... Qg7 (31... Rd6 $14) 32. Rd1 (32. Qd2 $16) 32... Rdc8 $14 33. Re3 (33. Rc1 $16) 33... Qxd4 34. Rxd4 Kg7 35. Kf3 Kf6 36. g4 $36 {[%mdl 2048] White has good play.} h5 37. h3 ({White should try} 37. g5+ $14 Kg7 38. f5 gxf5 39. h4) 37... hxg4+ $1 $11 38. hxg4 Rxc6 $2 (38... Rh8 $11 {and Black has nothing to worry.}) 39. Bxc6 $18 Rxc6 $11 {[%mdl 4096] Endgame KRR-KRB} 40. Rb3 (40. g5+ $18 Kg7 41. Rb3) 40... Rc1 (40... Bd7 $16 {was necessary.} 41. g5+ (41. Rxd5 Be6 $16) 41... Ke6) 41. Rb6 Rc3+ 42. Kf2 Ke7 {[#]} (42... Ra3 $142 43. Ra6 Ra2+ 44. Ke3 Ra3+ 45. Kd2 Rf3 46. Rxd5 (46. Rxa5 Ke7 $18) 46... Rxf4 47. g5+ (47. Rdxa5 Rxg4 48. Rc5 Rg2+ 49. Ke3 g5 $16) 47... Kg7 48. Rdxa5 Rg4) 43. f5 $1 $18 {[%mdl 576] Deflection} gxf5 44. gxf5 Bxf5 45. Rxd5 {[%mdl 64] Double Attack} Be6 46. Rxa5 Rc2+ 47. Ke1 Ra2 48. Ra7+ Kf6 49. a5 {[%cal Ba4a5,Ba5a6,Ba6a7][%mdl 32]} Ke5 {[#]} 50. a6 $1 Bc4 $2 (50... Kd4 51. Rc7 Ke3) 51. Re7+ Kd4 52. a7 Kc5 53. Rb8 Bd5 54. Rc7+ $2 (54. Rd7 $18 Be6 55. Rdb7) 54... Kd6 $11 55. Rbc8 Be4 $2 {[%mdl 8192]} (55... Ra1+ $11 56. Kd2 Ra3) 56. Rxf7 $18 Bd5 57. Rg7 Be4 58. Rb8 Bd5 59. Kd1 Be4 60. Kc1 $2 ({White should play} 60. Rc8 $18 Ra3 61. Kd2) 60... Ke6 $2 {[%mdl 8192]} (60... Rc2+ $11 61. Kd1 Ra2) 61. Re8+ Kf6 62. Rc7 Bd5 63. Kb1 Ra4 64. Kb2 Kf5 65. Kc3 Kf6 66. Rd8 (66. Rd7 $142 Bh1 67. Re1) 66... Ke6 67. Kb2 (67. Rcd7 $142) 67... Bf3 68. Rd3 (68. Rc3 $142 Rxa7 69. Rxf3) 68... Bd5 69. Ra3 {Accuracy: White = 51%, Black = 27%.} 1-0

[Event "IMSA Blitz Women 2019"]
[Site "Hengshui"]
[Date "2019.05.18"]
[Round "10.1"]
[White "Lei, Tingjie"]
[Black "Abdumalik, Zhansaya"]
[Result "1/2-1/2"]
[WhiteElo "2507"]
[BlackElo "2464"]
[Annotator "TA"]
[PlyCount "256"]
[EventDate "2019.05.17"]
[EventType "blitz"]
[EventCountry "CHN"]
[SourceTitle "playchess.com"]
[Source "ChessBase"]
[SourceQuality "1"]

{[%evp 20,256,24,10,35,4,4,11,78,84,93,64,65,79,56,14,14,15,14,-194,-157,-155,-16,-154,-32,-53,0,0,15,0,31,-124,0,0,168,10,23,0,0,0,0,0,251,121,226,234,310,354,474,468,446,426,406,432,522,511,486,462,575,270,269,279,256,249,1088,1046,1269,87,141,97,85,0,58,0,33,12,25,0,21,9,15,9,15,0,400,424,464,455,450,406,707,510,437,237,222,71,89,81,439,439,418,389,29968,439,447,475,852,394,393,385,380,373,375,327,439,439,484,464,454,374,394,394,447,394,385,0,0,0,24,24,24,0,0,0,8,0,0,0,8,0,0,0,0,-7,-7,-8,0,0,0,0,0,0,0,0,0,0,0,0,8,8,8,8,16,8,16,16,24,24,24,24,24,24,31,31,39,57,71,0,0,0,0,0,0,0,0,0,593,593,593,593,593,8,8,8,8,8,8,8,8,8,8,8,8,8,8,8,8,8,8,8,8,8,8,8,8,8,8,8,8,0,8,8,8,8,8,8,8,8,8,8,8,8,8,8,8,8,8,8,8]} 1. d4 Nf6 2. c4 g6 3. g3 Bg7 4. Bg2 d6 5. Nf3 Nbd7 6. O-O O-O 7. Qc2 e5 8. Rd1 Qe7 9. Nc3 c6 10. b3 Re8 11. e3 a5 {E67: King's Indian: Fianchetto: 6...Nbd7} (11... exd4 12. exd4 Nf8 13. Re1 Qd8 14. Rxe8 Qxe8 15. Bb2 Bf5 16. Qd2 Qd7 17. Re1 Re8 18. d5 Rxe1+ 19. Nxe1 {½-½ (30) Socko,M (2458)-Harika,D (2494) Wroclaw 2018}) 12. Ba3 exd4 13. exd4 Bf8 $146 (13... Nb6 $11) ({Predecessor:} 13... a4 14. Nxa4 b5 15. cxb5 cxb5 16. Qc6 Qe4 17. Nh4 Qxc6 18. Bxc6 Rb8 19. Bxd6 bxa4 20. Bxb8 Nxb8 21. Bxe8 Nxe8 22. bxa4 {1-0 (30) Szabolcsi,J (2330)-Rummel,Z (2128) Hungary 2010}) 14. d5 $16 c5 15. Nb5 Nb6 16. Re1 Qd8 17. Nh4 Bd7 18. Nc3 a4 {And now ...axb3 would win.} 19. Rad1 $2 (19. Bb2 $11) 19... axb3 $19 20. Qxb3 Ra6 (20... Rxe1+ $17 21. Rxe1 Nxc4 $1 {[%mdl 512]}) 21. Nf3 {[#]} (21. Rxe8 $11 Qxe8 22. Bb2) 21... Bg7 (21... Nxc4 $1 $17 {[%mdl 512]} 22. Bc1 (22. Qxc4 Rxa3) 22... Na5) 22. Rxe8+ Qxe8 (22... Nxe8 $15 23. Bf1 Bg4) 23. Re1 $11 Qa8 24. Bb2 Ng4 25. Nd2 $2 (25. Bh3 $14 {keeps the upper hand.}) 25... Ne5 ({Black should try} 25... Bd4 $17 26. Nd1 Ba4) 26. Bf1 g5 $2 (26... Na4 $11) 27. a3 $2 (27. Nce4 $18) 27... h6 $1 28. Nce4 {Threatens to win with f4.} Na4 $1 {[%cal Ra4b2]} 29. Ba1 Rb6 30. Qc2 Bf5 $2 {[%mdl 8192] [#]} (30... Qf8 $1 $11) 31. Bg2 (31. Nf6+ $1 $18 {[%mdl 512]} Bxf6 32. Qxf5) 31... Bg6 (31... Nb2 $16) 32. f4 $18 gxf4 33. gxf4 Nd7 34. Bxg7 Kxg7 35. Qd1 Nb2 36. Qf3 $1 Qd8 37. f5 Ne5 38. Qg3 {[%mdl 64] Pin} Nbd3 39. fxg6 (39. Ra1 $142) 39... Nxe1 40. gxf7+ ({Much less strong is} 40. Qxe1 $6 Nxg6 41. Qa1+ Kf8 $16) 40... Kxf7 41. Qxe1 Qg8 $2 (41... Qe7 42. Bh3 Kg8) 42. Qf2+ Ke7 43. h3 $2 (43. Qh4+ $18 {is the precise move to win.} Kf7 44. Qf6+ Ke8 45. Nxd6+ Kd7 46. Qxe5 Rxd6 47. Ne4 $1 {[%mdl 576] Double Attack}) 43... Qg6 $16 44. Kh2 Rb2 45. Qf4 ({White should play} 45. Bf1 $16) 45... b6 (45... Nxc4 $1 $11 46. Qh4+ Kd7) 46. a4 (46. Bf1 $14) 46... Ra2 (46... Nxc4 $5 47. Kh1 Nxd2 48. Nxd2 Ra2 $15) 47. Qh4+ Kd7 48. Qf4 Ke7 49. Qf1 Rxa4 50. Qb1 Rb4 51. Qa1 Qh5 $2 {[%mdl 8192]} (51... Qf5 $11 {and Black is okay.}) 52. Qa7+ $18 Kf8 53. Qb8+ Kg7 54. Qxd6 {Qf6+ is the strong threat.} Nf7 (54... Qf5 $142 55. Kh1 Ra4) 55. Qg3+ Qg6 56. Qxg6+ (56. Qf4 $142) 56... Kxg6 57. d6 $2 (57. Kg3 $18 {has better winning chances.}) 57... Rb2 $16 58. d7 b5 $2 {[%mdl 8192]} (58... Nd8 $16 {is more resistant.}) 59. cxb5 $18 {Strongly threatening Nc4.} Rxb5 60. Nc4 {aiming for Ne5+!} Rb4 $2 {[#]} (60... Nd8 $18 61. Kg3 Kg7) 61. Ncd6 (61. Ne5+ $142 $1 {[%mdl 512]} Kf5 (61... Nxe5 62. d8=Q) 62. Nxf7 Rb8 63. d8=Q Rxd8 64. Nxd8 c4 65. Kg3 h5 66. Nd6+ {[%mdl 64] Double Attack} Kg5 67. N8f7+ Kf6 68. Bd5) 61... Nd8 62. Nxc5 Rd4 (62... Kf6 $142 63. Kg3 Ke7) 63. Nde4 (63. Ndb7 $142 Nf7 64. Bf3) 63... Kf7 64. Kg3 Ke7 65. Kf4 Nf7 66. Ke3 Rd1 67. Bf3 Rc1 68. Bg4 Ra1 69. Bf5 Ra3+ 70. Kf4 Ra7 71. h4 Ra1 {intending ...Rf1+.} 72. Nb7 $2 (72. Kg4 $18) 72... Rf1+ $11 73. Kg4 {Hoping for Nbd6.} Ne5+ 74. Kg3 Nxd7 75. Bxd7 (75. Nbd6 {is more complex.} Ne5 76. h5 Rf3+ 77. Kg2 Rf4 78. Bh7) 75... Kxd7 76. Nbc5+ Ke7 77. Nf2 Kf6 78. Nce4+ Kg6 79. Kg2 Ra1 80. Kf3 Ra8 81. Nh3 Ra3+ 82. Kg2 Kf5 83. Nef2 Rb3 84. Ng1 Ra3 85. Ne2 Kf6 86. Ng3 Kg6 87. Kh3 Rb3 88. Kg4 Rb4+ 89. Nfe4 h5+ 90. Kf4 Ra4 91. Nf5 Rb4 92. Ne7+ Kh6 93. Ke5 Rb1 94. Kf6 Rf1+ 95. Nf5+ Kh7 96. Ng5+ Kh8 97. Kg6 Rf4 98. Nd6 ({But not} 98. Nh6 Rf6+ 99. Kxf6 $11 (99. Kxh5 Rf1 $11)) (98. Ne6 $16 Rf1 99. Nh6) 98... Rxh4 99. Ngf7+ (99. Nf5 {looks sharper.} Ra4 100. Kxh5 Kg8 101. Nd6 Kf8 102. Nde4) 99... Kg8 100. Nf5 Rg4+ 101. Kf6 Kf8 102. Ne5 Rf4 $2 {[%mdl 8192]} (102... Rg1 $11 {and Black has nothing to worry.}) 103. Ng6+ $18 Ke8 104. Nxf4 h4 105. Nxh4 $2 (105. Nh3 $18 Kd7 106. Ke5) 105... Kd7 {The position is equal.} 106. Ke5 Kc6 107. Nf3 Kc5 108. Nd4 Kc4 109. Ke4 Kc5 110. Nfe2 Kc4 111. Nc1 Kc5 112. Ndb3+ Kc4 113. Nd2+ Kc5 114. Nd3+ Kd6 115. Kd4 Ke6 116. Ne4 Kf5 117. Ke3 Ke6 118. Kf4 Kd5 119. Ke3 Ke6 120. Nc3 Kf5 121. Kf3 Ke6 122. Ke4 Kd6 123. Ne2 Ke6 124. Nef4+ Kd6 125. Kd4 Kc6 126. Nd5 Kd6 127. Ne3 Ke6 128. Nc5+ Kd6 {Accuracy: White = 32%, Black = 42%.} 1/2-1/2

[Event "IMSA Blitz Women 2019"]
[Site "Hengshui"]
[Date "2019.05.18"]
[Round "10.1"]
[White "Gunina, Valentina"]
[Black "Tan, Zhongyi"]
[Result "1/2-1/2"]
[WhiteElo "2506"]
[BlackElo "2513"]
[Annotator "RC"]
[PlyCount "275"]
[EventDate "2019.05.17"]
[EventType "blitz"]
[EventCountry "CHN"]
[SourceTitle "playchess.com"]
[Source "ChessBase"]
[SourceQuality "1"]
[TimeControl "180+2"]

1. e4 {[%emt 0:00:00]} e5 {[%emt 0:00:00]} 2. Nf3 {[%emt 0:00:00]} Nc6 {[%emt 0:00:00]} 3. Bc4 {[%emt 0:00:02]} Nf6 {[%emt 0:00:01]} 4. d3 {[%emt 0:00:03]} Bc5 {[%emt 0:00:03]} 5. O-O {[%emt 0:00:02]} O-O {[%emt 0:00:02]} 6. Bg5 {[%emt 0:00:01]} h6 {[%emt 0:00:04]} 7. Bh4 {[%emt 0:00:01]} Be7 {[%emt 0:00:01]} 8. c3 {[%emt 0:00:22]} d6 {[%emt 0:00:02]} 9. Nbd2 {[%emt 0:00:08]} Na5 {[%emt 0:00:05]} 10. Bb5 {[%emt 0:00:03]} a6 {[%emt 0:00:01]} 11. Ba4 {[%emt 0:00:01]} b5 {[%emt 0:00:01]} 12. Bc2 {[%emt 0:00:01]} c5 {[%emt 0:00:00]} 13. Re1 {[%emt 0:00:03]} Be6 {[%emt 0:00:08]} 14. Nf1 {[%emt 0:00:02]} Rb8 {[%emt 0:00:04]} 15. Ne3 {[%emt 0:00:07]} b4 {[%emt 0:00:01]} 16. Bxf6 {[%emt 0:00:07]} Bxf6 {[%emt 0:00:01]} 17. Nd5 {[%emt 0:00:02]} Nc6 {[%emt 0:00:21]} 18. Ba4 {[%emt 0:00:07]} Bxd5 {[%emt 0:00:02]} 19. exd5 {[%emt 0:00:01]} Ne7 {[%emt 0:00:00]} 20. Bb3 {[%emt 0:00:10]} Qd7 {[%emt 0:00:08]} 21. d4 {[%emt 0:00:12]} bxc3 {[%emt 0:00:01]} 22. bxc3 {[%emt 0:00:01]} exd4 {[%emt 0:00:05]} 23. cxd4 {[%emt 0:00:05]} cxd4 {[%emt 0:00:13]} 24. Nxd4 {[%emt 0:00:04]} Rb4 {[%emt 0:00:06]} 25. Nc2 {[%emt 0:00:04]} Bxa1 {[%emt 0:00:45]} 26. Nxb4 {[%emt 0:00:03]} Bc3 {[%emt 0:00:01]} 27. Re4 {[%emt 0:00:01]} Qb7 {[%emt 0:00:15]} 28. Qe2 {[%emt 0:00:10]} Bxb4 {[%emt 0:00:11]} 29. Rxe7 {[%emt 0:00:02]} Qb6 {[%emt 0:00:00]} 30. g3 {[%emt 0:00:07]} a5 {[%emt 0:00:07]} 31. Kg2 {[%emt 0:00:05]} Qd4 {[%emt 0:00:01]} 32. Re4 {[%emt 0:00:11]} Qc3 {[%emt 0:00:08]} 33. Bc2 {[%emt 0:00:07]} Bc5 {[%emt 0:00:06]} 34. Rc4 {[%emt 0:00:11]} Qf6 {[%emt 0:00:06]} 35. h4 {[%emt 0:00:07]} Rb8 {[%emt 0:00:30]} 36. Rf4 {[%emt 0:00:15]} Qe5 {[%emt 0:00:06]} 37. Qf3 {[%emt 0:00:07]} Rf8 {[%emt 0:00:08]} 38. h5 {[%emt 0:00:04]} Qg5 {[%emt 0:00:11]} 39. Qd3 {[%emt 0:00:08]} f5 {[%emt 0:00:01]} 40. Qf3 {[%emt 0:00:02]} Bb4 {[%emt 0:00:04]} 41. Bxf5 {[%emt 0:00:02]} Kh8 {[%emt 0:00:01]} 42. Qd3 {[%emt 0:00:14]} Qe7 {[%emt 0:00:06]} 43. Rf3 {[%emt 0:00:06]} Bc5 {[%emt 0:00:03]} 44. Qc4 {[%emt 0:00:07]} Qe5 {[%emt 0:00:03]} 45. Qg4 {[%emt 0:00:02]} Qxd5 {[%emt 0:00:02]} 46. Qg6 {[%emt 0:00:01]} Qg8 {[%emt 0:00:02]} 47. Be6 {[%emt 0:00:01]} Rxf3 {[%emt 0:00:02]} 48. Bxg8 {[%emt 0:00:14]} Rxf2+ {[%emt 0:00:01]} 49. Kh3 {[%emt 0:00:01]} Kxg8 {[%emt 0:00:00]} 50. Kg4 {[%emt 0:00:05]} Rf8 {[%emt 0:00:03]} 51. Qe6+ {[%emt 0:00:02]} Kh8 {[%emt 0:00:01]} 52. Qe7 {[%emt 0:00:04]} Rb8 {[%emt 0:00:03]} 53. a4 {[%emt 0:00:02]} Bb4 {[%emt 0:00:02]} 54. Kf5 {[%emt 0:00:03]} Kg8 {[%emt 0:00:02]} 55. Kg6 {[%emt 0:00:02]} Bc3 {[%emt 0:00:02]} 56. Qe6+ {[%emt 0:00:05]} Kh8 {[%emt 0:00:01]} 57. Kf7 {[%emt 0:00:04]} Rb7+ {[%emt 0:00:03]} 58. Kf8 {[%emt 0:00:02]} Rb8+ {[%emt 0:00:00]} 59. Ke7 {[%emt 0:00:01]} Rb7+ {[%emt 0:00:03]} 60. Kd8 {[%emt 0:00:01]} Rb8+ {[%emt 0:00:01]} 61. Kc7 {[%emt 0:00:01]} Rf8 {[%emt 0:00:01]} 62. Kb6 {[%emt 0:00:03]} Bb4 {[%emt 0:00:01]} 63. g4 {[%emt 0:00:04]} Rf6 {[%emt 0:00:02]} 64. Qe8+ {[%emt 0:00:01]} Kh7 {[%emt 0:00:01]} 65. Qe4+ {[%emt 0:00:01]} Kg8 {[%emt 0:00:01]} 66. Kb5 {[%emt 0:00:02]} Kf8 {[%emt 0:00:02]} 67. Qd5 {[%emt 0:00:01]} Rf7 {[%emt 0:00:06]} 68. Kc6 {[%emt 0:00:01]} Re7 {[%emt 0:00:02]} 69. g5 {[%emt 0:00:03]} hxg5 {[%emt 0:00:02]} 70. Qxg5 {[%emt 0:00:01]} Kf7 {[%emt 0:00:02]} 71. Qg6+ {[%emt 0:00:02]} Kf8 {[%emt 0:00:01]} 72. Qh7 {[%emt 0:00:01]} Re8 {[%emt 0:00:03]} 73. Qf5+ {[%emt 0:00:04]} Kg8 {[%emt 0:00:01]} 74. Qg6 {[%emt 0:00:01]} Rc8+ {[%emt 0:00:06]} 75. Kd7 {[%emt 0:00:02]} Rf8 {[%emt 0:00:01]} 76. h6 {[%emt 0:00:03]} Bc3 {[%emt 0:00:01]} 77. h7+ {[%emt 0:00:05]} Kh8 {[%emt 0:00:01]} 78. Ke7 {[%emt 0:00:02]} Rf6 {[%emt 0:00:08]} 79. Qd3 {[%emt 0:00:03]} Be5 {[%emt 0:00:01]} 80. Qe4 {[%emt 0:00:03]} Rf4 {[%emt 0:00:02]} 81. Qc2 {[%emt 0:00:02]} Rh4 {[%emt 0:00:02]} 82. Qg6 {[%emt 0:00:03]} Rf4 {[%emt 0:00:01]} 83. Qc2 {[%emt 0:00:02]} Rf6 {[%emt 0:00:02]} 84. Qd2 {[%emt 0:00:02]} Kxh7 {[%emt 0:00:02]} 85. Qxa5 {[%emt 0:00:01]} Rh6 {[%emt 0:00:02]} 86. Qd2 {[%emt 0:00:02]} Rh4 {[%emt 0:00:02]} 87. a5 {[%emt 0:00:01]} Bd4 {[%emt 0:00:03]} 88. a6 {[%emt 0:00:03]} Bc5 {[%emt 0:00:01]} 89. Qc2+ {[%emt 0:00:02]} Kh8 {[%emt 0:00:02]} 90. Qa2 {[%emt 0:00:04]} Rh6 {[%emt 0:00:01]} 91. a7 {[%emt 0:00:03]} Bxa7 {[%emt 0:00:01]} 92. Qxa7 {[%emt 0:00:01]} Rf6 {[%emt 0:00:01]} 93. Qg1 {[%emt 0:00:02]} Kg8 {[%emt 0:00:00]} 94. Qg5 {[%emt 0:00:04]} Kh8 {[%emt 0:00:02]} 95. Qd5 {[%emt 0:00:01]} Kh7 {[%emt 0:00:00]} 96. Ke8 {[%emt 0:00:01]} Kh8 {[%emt 0:00:01]} 97. Kd7 {[%emt 0:00:02]} Kh7 {[%emt 0:00:01]} 98. Qh5+ {[%emt 0:00:01]} Kg8 {[%emt 0:00:00]} 99. Ke7 {[%emt 0:00:01]} Rh6 {[%emt 0:00:07]} 100. Qd5+ {[%emt 0:00:02]} Kh8 {[%emt 0:00:01]} 101. Qg5 {[%emt 0:00:05]} Rf6 {[%emt 0:00:01]} 102. Qd5 {[%emt 0:00:02]} Kh7 {[%emt 0:00:01]} 103. Qc4 {[%emt 0:00:02]} Kh8 {[%emt 0:00:01]} 104. Qh4+ {[%emt 0:00:03]} Rh6 {[%emt 0:00:01]} 105. Qe4 {[%emt 0:00:03]} Rf6 {[%emt 0:00:02]} 106. Qh4+ {[%emt 0:00:01]} Rh6 {[%emt 0:00:00]} 107. Qg5 {[%emt 0:00:00]} Rf6 {[%emt 0:00:01]} 108. Qh5+ {[%emt 0:00:01]} Kg8 {[%emt 0:00:01]} 109. Kd7 {[%emt 0:00:02]} Rh6 {[%emt 0:00:01]} 110. Qe8+ {[%emt 0:00:01]} Kh7 {[%emt 0:00:01]} 111. Kc6 {[%emt 0:00:01]} Rf6 {[%emt 0:00:01]} 112. Kd5 {[%emt 0:00:01]} Rh6 {[%emt 0:00:01]} 113. Ke4 {[%emt 0:00:05]} Rf6 {[%emt 0:00:01]} 114. Ke3 {[%emt 0:00:02]} Rh6 {[%emt 0:00:02]} 115. Kf4 {[%emt 0:00:01]} Rf6+ {[%emt 0:00:01]} 116. Kg5 {[%emt 0:00:01]} Rh6 {[%emt 0:00:00]} 117. Qe4+ {[%emt 0:00:01]} Kh8 {[%emt 0:00:01]} 118. Qc4 {[%emt 0:00:04]} Rf6 {[%emt 0:00:01]} 119. Qb3 {[%emt 0:00:05]} Rh6 {[%emt 0:00:01]} 120. Qb8+ {[%emt 0:00:03]} Kh7 {[%emt 0:00:00]} 121. Qb1+ {[%emt 0:00:02]} Kh8 {[%emt 0:00:02]} 122. Qb2 {[%emt 0:00:03]} Rf6 {[%emt 0:00:01]} 123. Qh2+ {[%emt 0:00:01]} Kg8 {[%emt 0:00:01]} 124. Qb2 {[%emt 0:00:01]} Kh8 {[%emt 0:00:01]} 125. Qb3 {[%emt 0:00:01]} Rh6 {[%emt 0:00:01]} 126. Kf5 {[%emt 0:00:02]} Rf6+ {[%emt 0:00:01]} 127. Ke4 {[%emt 0:00:01]} Kh7 {[%emt 0:00:01]} 128. Qc2 {[%emt 0:00:01]} Kh8 {[%emt 0:00:02]} 129. Qd3 {[%emt 0:00:01]} Kh7 {[%emt 0:00:01]} 130. Kd5+ {[%emt 0:00:01]} Kh8 {[%emt 0:00:01]} 131. Kc6 {[%emt 0:00:01]} Kg8 {[%emt 0:00:01]} 132. Kd7 {[%emt 0:00:01]} Kh8 {[%emt 0:00:01]} 133. Ke7 {[%emt 0:00:01]} Kg8 {[%emt 0:00:01]} 134. Qh3 {[%emt 0:00:02]} Rh6 {[%emt 0:00:01]} 135. Qc8+ {[%emt 0:00:03]} Kh7 {[%emt 0:00:01]} 136. Qf5+ {[%emt 0:00:01]} Kg8 {[%emt 0:00:01]} 137. Qd5+ {[%emt 0:00:01]} Kh8 {[%emt 0:00:01]} 138. Qf7 {[%emt 0:00:09]} 1/2-1/2